KPMG Global Sustainability Institute (Record no. 121220)
[ view plain ]
| 000 -LEADER | |
|---|---|
| fixed length control field | 00806nam a22001937a 4500 |
| 001 - CONTROL NUMBER | |
| control field | K121220 |
| 008 - FIXED-LENGTH DATA ELEMENTS--GENERAL INFORMATION | |
| fixed length control field | 160218b xxu||||| |||| 00| 0 eng d |
| 041 ## - LANGUAGE CODE | |
| Language code of text/sound track or separate title | eng |
| 110 ## - MAIN ENTRY--CORPORATE NAME | |
| 9 (RLIN) | 1742 |
| Corporate author | KPMG |
| 245 ## - TITLE STATEMENT | |
| Title | KPMG Global Sustainability Institute |
| Subtitle | (Pre-registration required) |
| 520 ## - ABSTRACT | |
| Abstract | The KPMG Global Sustainability Institute enables professionals around the planet to tap into the latest sustainability news and views from KPMG. Pre-registration required. |
| 650 ## - KEYWORDS | |
| Keywords | Valuetheplanet |
| 650 ## - KEYWORDS | |
| Keywords | Responsible business |
| 650 ## - KEYWORDS | |
| Keywords | ESG |
| 651 ## - SUBJECT ADDED ENTRY--GEOGRAPHIC NAME | |
| Geographic name | International |
| 690 ## - LOCAL SUBJECT ADDED ENTRY--TOPICAL TERM (OCLC, RLIN) | |
| 9 (RLIN) | 6271 |
| Topical term or geographic name as entry element | Sustainability |
| 856 ## - ONLINE RESOURCE | |
| Uniform Resource Identifier | https://home.kpmg/xx/en/home/services/advisory/risk-consulting/internal-audit-risk/sustainability-services/sustainability.html |
| Public note | View at KPMG (Pre-registration required) |
| 942 ## - ADDED ENTRY ELEMENTS (KOHA) | |
| Suppress in OPAC | Do not suppress in OPAC |
| Withdrawn status | Lost status | Source of classification or shelving scheme | Damaged status | Not for loan | Home library | Current library | Shelving location | Date acquired | Total Checkouts | Date last seen | Price effective from | Koha item type |
|---|---|---|---|---|---|---|---|---|---|---|---|---|
| Dewey Decimal Classification | Virtual | Virtual | Online | 03/03/2020 | 03/03/2020 | 03/03/2020 | Online material |